Kluby Messiego i Ronaldo - nagła śmierć - Statystyki

Ogólne statystyki
  • Ten quiz został rozwiązany 329 razy
  • Średni wynik to 8 z 8
Answers on the Grid
Answers color-coded by a green-red scale on the quiz's grid according to % correct below.
Sporting Lizbona
Manchester United
Real Madryt
Al Nassr
Juventus
FC Barcelona
Paris Saint-Germain
Inter Miami
Al Hilal
Atletico Madryt
Inter Mediolan
FC Porto
Manchester City
Atlético Mineiro
Bayern Monachium
 
Statystyki odpowiedzi
Odpowiedź % Poprawnych
Real Madryt
97%
FC Barcelona
95%
Juventus
95%
Al Nassr
94%
Manchester United
94%
Paris Saint-Germain
93%
Inter Miami
92%
Sporting Lizbona
91%
Nie znaleziono quizów pasujących do podanych kryteriów
Rozkład punktacji
Procent ludzi z każdym wynikiem
Percentyl według liczby udzielonych odpowiedzi
Twoja historia wyników
Nie rozwiązałeś tego quizu